Statistics for Whiskey Quiz A-Z

Click here to take the quiz!

General Stats

  • This quiz has been taken 48 times
  • The average score is 4 of 23

Answer Stats

HintAnswer% Correct
JJack Daniels
100%
CCrown Royal
29%
WWoodford Reserve
27%
DDewar's
22%
MMacallan
22%
EEvan Williams
20%
GGlenlivet
17%
KKnob Creek
17%
AArdbeg
15%
BBulleit
15%
LLaphroaig
15%
RRedbreast
15%
OOld Forester
12%
SSeagram's
12%
YYellowstone
12%
NNikka
10%
FFireball
7%
UUsquaebach
7%
HHighland Park
5%
VVery Old Barton
5%
IIrishman
2%
PPendleton
2%
TTempleton
2%

Score Distribution

Percentile by Number Answered

Percent of People with Each Score

Your Score History

You have not taken this quiz